• 首页
  • 本馆介绍
  • 公告通知
  • 最新文献
  • 馆藏检索
  • 电子资源
  • 读者导购
  • 参考咨询
  • 我的图书馆
  • 登录
  • 详细信息显示
  • 放入我的书架
  • 预约/预借图书
  • 作者相关作品
  • 分类相关作品
  • 丛书相关作品
  • 出版社相关作品

书目信息

  • 表格格式
  • 工作单格式
  • 卡片格式
题名:
施工技术
    
 
作者: 骆中钊等编
分册:  
出版信息: 北京   化学工业出版社  2009.01
页数: 176页
开本: 24cm
丛书名: 建筑室内装饰工程施工知识丛书
单 册:
中图分类: TU767.4
科图分类:
主题词: 室内装饰--工程施工 , 室内装饰
电子资源:
ISBN: 978-7-122-03403-8
000 00807oam2 22002531 450
001 004031212
005 20110113175708.0
010    @a978-7-122-03403-8@dCNY28.00
100    @a20090104d2009 em y0chiy50 ea
101 0  @achi
102    @aCN@b110000
105    @aa z 000yy
200 1  @a施工技术@Ashi gong ji shu@f骆中钊等编@Fluo zhong zhao deng bian
210    @a北京@c化学工业出版社@d2009.01
215    @a176页@c图@d24cm
225 2  @a建筑室内装饰工程施工知识丛书
330    @a本书简述了装饰工程施工的特点和基本要求,分章详细地介绍水电、土建、木作、涂料的施工工艺,并专章编人室内绿色装饰施工技术。
461  0 @1001004026534
606 0  @a室内装饰@x工程施工
606 0  @a室内装饰
690    @aTU767.4@v5
801  0 @aCN@b110120@c20081112
905    @aBZT@dTU767.4@e2
906    @dCNY28.00@n0@r1
    
    施工技术/骆中钊等编.-北京:化学工业出版社,2009.01
    176页:图;24cm.-(建筑室内装饰工程施工知识丛书)
    
    
    ISBN 978-7-122-03403-8:CNY28.00
    本书简述了装饰工程施工的特点和基本要求,分章详细地介绍水电、土建、木作、涂料的施工工艺,并专章编人室内绿色装饰施工技术。
●
相关链接 在五车中查询图书 在当当中查询图书 在豆瓣中查询图书


正题名:施工技术     索取号:TU767.4/2         预约/预借

序号 登录号 条形码 馆藏地/架位号 状态 备注
1 757313   2000757313   样本书库/样007架B面1层2列/ [索取号:TU767.4/2] 在馆    
2 757314   2000757314   中心书库中库/ 中库022架A面5列2层18/ [索取号:TU767.4/2] 在馆    
3 757315   2000757315   中心书库中库/ 中库022架A面5列2层19/ [索取号:TU767.4/2] 在馆    
4 757316   2000757316   中心书库中库/ 中库022架A面5列2层20/ [索取号:TU767.4/2] 在馆    
5 757317   2000757317   中心书库中库/ 中库022架A面5列2层17/ [索取号:TU767.4/2] 在馆    
6 757318   2000757318   中心书库中库/ 中库022架A面5列2层21/ [索取号:TU767.4/2] 在馆    
山东省滨州职业学院图书馆 欢迎您!
大连网信软件有限公司© 版权所有